|
|
|
|
| LEADER |
01497nam a2200349 a 4500 |
| 001 |
13865402 |
| 003 |
BD-DhAAL |
| 005 |
20250709121438.0 |
| 008 |
091113s2006 caua b 000 0 eng d |
| 010 |
|
|
|a 2005003581
|
| 020 |
|
|
|a 9788178298634
|
| 020 |
|
|
|a 1412909767 (pbk.)
|
| 040 |
|
|
|a DLC
|c DLC
|d DLC
|d BD-DhAAL
|
| 082 |
0 |
0 |
|a 658.1/1
|2 22
|
| 100 |
1 |
|
|a Morse, Eric A.
|9 58710
|
| 245 |
0 |
0 |
|a Cases in entrepreneurship :
|b the venture creation process /
|c Eric A. Morse, Ronald K. Mitchell.
|
| 260 |
|
|
|a Thousand Oaks ;
|a New Delhi :
|b SAGE Publications,
|c 2009.
|
| 300 |
|
|
|a xvi, 427 pages :
|b illustrations ;
|c 24 cm.
|
| 490 |
0 |
|
|a The Ivey casebook series
|
| 504 |
|
|
|a Includes bibliographical references (p. 423-425).
|
| 526 |
|
|
|x Requisitioned by Faculties of BBS
Course name and no : N/A
|
| 541 |
1 |
|
|a Karim International
|e 00019577
|
| 650 |
|
0 |
|a New business enterprises
|v Case studies.
|9 58711
|
| 650 |
|
0 |
|a Business incubators
|v Case studies.
|9 58712
|
| 650 |
|
0 |
|a Venture capital
|v Case studies.
|9 58713
|
| 650 |
|
0 |
|a Entrepreneurship
|v Case studies.
|9 58714
|
| 650 |
|
0 |
|a Management.
|
| 700 |
1 |
|
|a Mitchell, Ronald K.
|9 58715
|
| 852 |
4 |
|
|a Ayesha Abed Library
|j General Shelf
|
| 942 |
|
|
|2 ddc
|c CR
|
| 999 |
|
|
|c 5469
|d 5469
|
| 952 |
|
|
|0 0
|1 0
|2 ddc
|4 0
|6 658_110000000000000_MOR
|7 0
|9 5337
|a BRACUL
|b BRACUL
|c GEN
|d 2009-11-11
|e Karim Interantional
|g 534.00
|l 4
|m 20
|o 658.11 MOR
|p 3010019577
|r 2019-05-07
|s 2019-04-16
|t 1
|w 2009-11-12
|y BK
|x Requisitioned by Faculties of BBS. Course name and no. "not available".
|